Central Library OPAC University of Rajshahi

The proof of guilt : (Record no. 46425)

MARC details
000 -LEADER
fixed length control field 00810nam a2200253 a 4500
001 - CONTROL NUMBER
control field 46425
003 - CONTROL NUMBER IDENTIFIER
rucl marc code BD-RjUL
005 - DATE AND TIME OF LATEST TRANSACTION
control field 20211209054142.0
008 - FIXED-LENGTH DATA ELEMENTS--GENERAL INFORMATION
fixed length control field 930728s1963 enk 001 0 eng d
035 ## - SYSTEM CONTROL NUMBER
System control number (BD-RjUL)46543
040 ## - CATALOGING SOURCE
Original cataloging agency BD-RjUL
Language of cataloging eng
Transcribing agency BD-RjUL
041 ## - LANGUAGE CODE
Language code of text/sound track or separate title eng
082 ## - DEWEY DECIMAL CLASSIFICATION NUMBER
Classification number 343.094203
Author mark and year WIP 1963
100 1# - MAIN ENTRY--PERSONAL NAME
Personal name Williams, Glanville Llewelyn,
Dates associated with a name 1911-1997.
9 (RLIN) 139266
245 14 - TITLE STATEMENT
Title The proof of guilt :
Remainder of title a study of the English criminal trial /
Statement of responsibility, etc. by Glanville Williams.
250 ## - EDITION STATEMENT
Edition statement 3rd ed.
260 ## - PUBLICATION, DISTRIBUTION, ETC. (IMPRINT)
Place of publication, distribution, etc. London :
Name of publisher, distributor, etc. Stevens,
Date of publication, distribution, etc. 1963.
300 ## - PHYSICAL DESCRIPTION
Pagination viii, 373 p. ;
Size 19 cm.
500 ## - GENERAL NOTE
General note "Published under the auspices of the Hamlyn Trust"
650 #0 - SUBJECT ADDED ENTRY--TOPICAL TERM
Topical term or geographic name as entry element Criminal procedure
Geographic subdivision England.
9 (RLIN) 141716
710 2# - ADDED ENTRY--CORPORATE NAME
Corporate name or jurisdiction name as entry element Hamlyn Trust.
9 (RLIN) 141717
830 #0 - SERIES ADDED ENTRY--UNIFORM TITLE
Uniform title Hamlyn lectures ;
Volume number/sequential designation 7th series
942 ## - ADDED ENTRY ELEMENTS (KOHA)
Source of classification or shelving scheme Dewey Decimal Classification
Koha item type Books
Holdings
Lost status Source of classification or shelving scheme Damaged status Not for loan Collection code Permanent Location Current Location Shelving location Date acquired Source of acquisition Cost, normal purchase price Total Checkouts Full call number Date last seen Copy number Koha item type
  Dewey Decimal Classification     Non-fiction Central Library, University of Rajshahi Central Library, University of Rajshahi   31/07/1968 Zeitlinger 32.60   343.094203 WIP 1963 02/08/2016 C-2 Books